LEADER 01304nam a2200265 u 4500 001 000000078392 003 CaOOAMICUS 005 20070226123426.0 008 040426s1982 it u000 u ita u 035 $a10991916 040 $aPUL(R)$bita 100 1 $aCova, Luigi.$0(OLS)http://pul/name/52174 245 12$aL'attualità catechetica :$bpastorale di alcuni temi del "De catechizandis rudibus" di S. Agostino (estratto) /$cLuigi Cova. 260 $aRoma :$bPontificia Università Lateranense,$c1982. 300 $a84 p. ;$c24 cm 502 $aDiss. (doct.)-- Pontificia Universitas Lateranensis. 504 $aBibliografia in nota ed in appendice. 600 04$aAugustinus,$cs., vesc. d'Ippona,$d354-430.$0(OLS)http://pul/subject/758 650 4$aCatechismo.$0(OLS)http://pul/subject/1485 850 $aPUL 852 $aPUL$W1$xDP1 Tesi Pon Univ. Lateranense$y41$mTH PUL.THEOL 388$j100547$nBK-PRI$b $qTesi$B100547$CPULBib$Z2$F100547 $HPUL52936 $81 941 1 $a16 960 $aAgostino,$cs., vesc. d'Ippona,$d354-430$9758 996 $6245$aL'attualità catechetica :$bpastorale di alcuni temi del "De catechizandis rudibus" di S. Agostino (estratto)$9(OLS)http://pul/title/102709 996 $6260$aRoma :$bPontificia Università Lateranense$9(OLS)http://pul/publisher/47963 LEADER 01534nam a2200361 a 4500 001 000000132946 003 CaOOAMICUS 005 20160606105747.0 008 130221m20139999fr u000 u fre r 020 $a978-2-204-10016-8 (v. 2) 020 $a978-2-204-11073-0 (v. 3)* 032 $aLibriCat 040 $aPUL$bita 082 04$a103 100 1 $aCapelle-Dumont, Philippe,$d1954-$0(OLS)http://pul/name/65089 245 10$aFinitude et mystere /$cPhilippe Capelle-Dumont. 260 $aParis :$bCerf,$c2013- 300 $av. ;$c22 cm 490 1 $aPhilosophie & théologie 504 $aInclude riferimenti bibliografici ed indice. 650 4$aTeologia e filosofia.$0(OLS)http://pul/subject/121 830 0$aPhilosophie & théologie (Cerf).$0(OLS)http://pul/title/104748 850 $aPUL 852 $aPUL$W1$xSL Filosofia 3$y81$m103 COLL 3.11$j152877$qDDC 21$B152331$CPULBib$Z2$F152331 $H121759 $82 852 $aPUL$W1$xSL Filosofia 3$y81$m103 COLL 3.19$j174856$bv. 3$qDDC 21$B177411$CPULBib$Z2$F177411 $H127860 $81 941 1 $a9 983 0$aPhilosophie et théologie (Cerf) 996 $6020$a978-2-204-10016-8 (v. 2)$9(OLS)http://pul/number/151951 996 $6020$a978-2-204-11073-0 (v. 3)*$9(OLS)http://pul/number/160489 996 $6082$a103$9(OLS)http://pul/classification/621 996 $6245$aFinitude et mystere$9(OLS)http://pul/title/167962 996 $6260$aParis :$bCerf$9(OLS)http://pul/publisher/48238